Регионална библиотека "Любен Каравелов" - Русе

Собрание сочинений Фенимора Купера (Запис номер 426919)

MARC детайли
000 -Лидер
Контролно поле с фиксирана дължина nam a22 a 4500
003 - Код на организацията, давaща контролен номер
Контролно поле BLK
005 - Дата и час на последна редакция
Контролно поле 20210805124058.0
008 - Елементи от данни с фиксирана дължина
fixed length control field 180411b bul|||||r ||||||| ||bul||
040 ## - Източник на каталожния запис
Идентификатор на билиотеката - собственик на записа BLK
041 ## - Код за език
Код за езика на текст/звукозапис или на отделно заглавие Руски
Код за езика КДБФ Руски
072 ## - Код за тематичната категория
9 (RLIN) 178367
Код за тематична категория Ц
Текст Редки и ценни
080 ## - УДК
Текстов определител УДК Американска литература (на САЩ)
УДК код - определител по УДК 821.111(73)
УДК определител -31
УДК - код + определител 821.111(73)-31
100 1# - Редна дума - Автор
Автор Купър, Джеймз Фенимор
Авторска отговорност първи автор
R(LIN) 379840
139 ## - Редно поле
Редна дума Купър, Джеймз Фенимор
Авторски знак Куп - К 94
245 10 - Сведения за заглавието
Заглавие Собрание сочинений Фенимора Купера
Подзаглавни данни Т.1-
Редно поле (дума) Джеймз Фенимор Купър
Том Т.1
Заглавие на том Краснокожие
260 ## - Област на издателските данни
Място на издаване, разпространение и проч. Санкт-Петербург
Име на издателя, разпространителя и проч. Петр Петрович Сойкин
Година на издаване 1898
9 (RLIN) 212011
300 ## - Физическа характеристика
Размери/Мащаб 21 см
380 ## - Жанр
Жанр Худож. лит.
490 ## - СЕРИИ (Колекции)
9 (RLIN) 435080
Име на серия Колекция Редки и ценни издания
760 ## - Описание на основната серия
Редна дума на основното описание Купър, Джеймз Фенимор
Свързани части 288 с.
Част - том Т. 1 Краснокожие
Заглавие Собрание сочинений Фенимора Купера
852 ## - Местоположение
Форматна сигнатура Рр 898
Фондова буква Редки и ценни
856 4# - Електронен адрес и достъп
Електронен формат pdf - файл
856 4# - Електронен адрес и достъп
Електронен формат pdf - файл
999 ## - СИСТЕМНИ КОНТРОЛНИ НОМЕРА
Koha biblionumber 426919
Koha biblioitemnumber 426919
942 ## - АРТИКУЛИ
Вид на библиотечния материал Книги
Скрит в OPAC Не
Периодичен библиозапис Да
944 ## - СЪЗДАВАНЕ И РЕДАКЦИЯ на ЗАПИСА
Създаване/Редакция Създаване
Дата на регистрацията/редакция 2021-08-05
Служител, извършил регистрацията/редакцията К.Д.
Наличности
Код за отписване Код за изгубен артикул Източник на класификационната схема Код за повреда Коз за рестрикции Код за отдаване Артикулен № Име на библиотеката - собственик Име на библиотеката, в която се намира в момента Статус (Текущо местоположение) Дата на вписване в системата Местоположение - отдел Цена в лева Инвентарен номер Систематично азбучна сигнатура Баркод Цена в евро Служебен тип на артикула
  Не е изгубен Universal Decimal Classification Не е повреден само за читалня Специални фондове ( старопечатни, редки и ценни, фонд М. Арнаудов) 855807 Регионална библиотека "Любен Каравелов" Русе Регионална библиотека "Любен Каравелов" Русе Редки и ценни 2021-09-27 Редки и ценни 0.23 2850 Рр 898 900000072418 0.12 Книги
Vip Innovations Ltd, Rousse, Bulgaria 2025